00458nam a2200169Ia 4500008004100000020002800041040001900069041001200088082002900100100002100129245003800150250001200188260002700200300001900227650002000246850002200266131103s9999 xx 000 0 und d a81 7215 116 0cRs.80.00 aLoreto College aEnglish a891.443/NASbLCLIB/37053 aNasrin, Tasleema aNirbacheto columcTasleema Nasrin a1st ed. aCalcuttabAnandac1992 a190p. c 21cm. aBengali fiction aLCLIB/891.443/NAS